[Event "COL-ch U20"]
[Site "Cali"]
[Date "2024.03.03"]
[Round "9"]
[White "Arenas Gonzalez, Juan Jose"]
[Black "Buitrago Garces, Maicol"]
[Result "0-1"]
[WhiteElo "1287"]
[BlackElo "1285"]
[PlyCount "50"]
[EventDate "2024.02.28"]
[EventType "swiss"]
[EventRounds "9"]
[EventCountry "COL"]
[SourceTitle "CB11_2024"]
[SourceDate "2024.03.13"]
[SourceVersion "1"]
[SourceVersionDate "2024.03.13"]
[SourceQuality "1"]

1. e4 e5 2. Nf3 Nc6 3. d4 exd4 4. Bc4 Nf6 5. 0-0 Nxe4 6. Re1 d5 7. Bxd5 Qxd5 8. Nc3 Qh5 9. Nxe4 Be6 10. Bf4 0-0-0 11. a4 Bb4 12. Rf1 Bc4 13. Nfd2 Be2 14. Qc1 Bxf1 15. Nxf1 Rhe8 16. Nfg3 Qd5 17. f3 f5 18. c3 dxc3 19. Nxc3 Bxc3 20. bxc3 h6 21. Nf1 g5 22. Bg3 f4 23. Bf2 Re2 24. Qa3 Ne5 25. Bxa7 Nd3 0-1

[Event "COL-ch U20"]
[Site "Cali"]
[Date "2024.03.01"]
[Round "4"]
[White "Varela Sanchez, David Yoel"]
[Black "Arenas Gonzalez, Juan Jose"]
[Result "1-0"]
[WhiteElo "1491"]
[BlackElo "1287"]
[PlyCount "33"]
[EventDate "2024.02.28"]
[EventType "swiss"]
[EventRounds "9"]
[EventCountry "COL"]
[SourceTitle "CB11_2024"]
[SourceDate "2024.03.13"]
[SourceVersion "1"]
[SourceVersionDate "2024.03.13"]
[SourceQuality "1"]

1. e4 c5 2. c3 Nc6 3. d4 e6 4. Nf3 cxd4 5. cxd4 Nge7 6. d5 exd5 7. exd5 Qa5+ 8. Nc3 Nd8 9. Bc4 d6 10. Bd2 Qc7 11. Nb5 Qd7 12. Qa4 Ndc6 13. dxc6 bxc6 14. Ba5 Nd5 15. Bxd5 cxb5 16. Qe4+ Be7 17. Bc6 1-0